Návrh opatrení na zefektívnenie vnútropodnikovej logistiky v LEONI Slovakia, spol. s r. o., o. z. Trenčín
Na minha lista:
| Autor principal: | |
|---|---|
| Outros Autores: | |
| Formato: | Manuscrito Livro |
| Idioma: | eslovaco |
| Publicado em: |
2021
|
| Assuntos: | |
| Acesso em linha: | http://is.stuba.sk/zp/portal_zp.pl?podrobnosti=148663 |
| Tags: |
Sem tags, seja o primeiro a adicionar uma tag!
|
MARC
| LEADER | 00000ntm a22000003a 4500 | ||
|---|---|---|---|
| 001 | stuzp82315 | ||
| 003 | SK-STU | ||
| 005 | 20210703210908.1 | ||
| 007 | ta | ||
| 008 | 150427s2015----xo-----f-mn---000-0-slo-d | ||
| 040 | |a STU |b slo | ||
| 041 | 0 | |a slo | |
| 100 | 1 | |a Gulár, Martin |u 064000 |4 aut |U MTF Materiálovotechnologická fakulta |T MTF Ústav priemyselného inžinierstva a manažmentu |X 97150 |U M4000 |Y 84 |7 97150 | |
| 242 | 0 | 1 | |a The proposal for measures to improve the intra logistics in LEONI Slovakia, Ltd., branch plant Trenčín |y eng |
| 245 | 1 | 0 | |a Návrh opatrení na zefektívnenie vnútropodnikovej logistiky v LEONI Slovakia, spol. s r. o., o. z. Trenčín |
| 260 | |c 2021 | ||
| 650 | 4 | |a logistika |2 slo | |
| 650 | 4 | |a podniková logistika |2 slo | |
| 650 | 4 | |a klasifikácia zásob |2 slo | |
| 650 | 4 | |a hodnotenie úrovne riadenia zásob |2 slo | |
| 650 | 4 | |a logistics |2 eng | |
| 650 | 4 | |a corporate logistics |2 eng | |
| 650 | 4 | |a inventory classification |2 eng | |
| 650 | 4 | |a evaluation of the level of inventory management |2 eng | |
| 700 | 1 | |a Hrablik Chovanová, Henrieta |u 064000 |k Z1 |4 ths |U MTF Materiálovotechnologická fakulta |T MTF Ústav priemyselného inžinierstva a manažmentu |X 2766 |U M4000 |Y 84 |7 A000002766 | |
| 856 | 4 | |u http://is.stuba.sk/zp/portal_zp.pl?podrobnosti=148663 | |
| 996 | |c M* BP-9072 |l MMSKP |s P |a 0 |w stuzp82315_0001 | ||